<?xml version="1.0" encoding="UTF-8"?>
<record
    xmlns:xsi="http://www.w3.org/2001/XMLSchema-instance"
    xsi:schemaLocation="http://www.loc.gov/MARC21/slim http://www.loc.gov/standards/marcxml/schema/MARC21slim.xsd"
    xmlns="http://www.loc.gov/MARC21/slim">

  <leader>01863nam a2200337 i 4500</leader>
  <controlfield tag="001">190590</controlfield>
  <controlfield tag="003">ES-MaACL</controlfield>
  <controlfield tag="005">20250720061258.0</controlfield>
  <controlfield tag="008">220107s2017    sp            001 0 spa</controlfield>
  <datafield tag="020" ind1=" " ind2=" ">
    <subfield code="a">978-84-7209-716-2</subfield>
  </datafield>
  <datafield tag="080" ind1=" " ind2=" ">
    <subfield code="a">930(460)</subfield>
  </datafield>
  <datafield tag="245" ind1="0" ind2="0">
    <subfield code="a">Bajo el dios Augusto : </subfield>
    <subfield code="b">el oficio de historiador ante los guardianes parciales de la historia / </subfield>
    <subfield code="c">Guillermo Gort&#xE1;zar (ed.) ; Antonio Manuel Moral Roncal, Jos&#xE9; Manuel Cuenca Toribio, Alfonso Bull&#xF3;n de Mendoza, Pedro Carlos Gonz&#xE1;lez Cuevas.</subfield>
  </datafield>
  <datafield tag="260" ind1=" " ind2=" ">
    <subfield code="a">Madrid : </subfield>
    <subfield code="b">Uni&#xF3;n Editorial, </subfield>
    <subfield code="c">2017.</subfield>
  </datafield>
  <datafield tag="300" ind1=" " ind2=" ">
    <subfield code="a">244 p. ; </subfield>
    <subfield code="c">23 cm.</subfield>
  </datafield>
  <datafield tag="490" ind1="1" ind2=" ">
    <subfield code="a">La antorcha</subfield>
  </datafield>
  <datafield tag="500" ind1=" " ind2=" ">
    <subfield code="a">&#xCD;ndice.</subfield>
  </datafield>
  <datafield tag="504" ind1=" " ind2=" ">
    <subfield code="a">Referencias bibliogr&#xE1;ficas.</subfield>
  </datafield>
  <datafield tag="505" ind1="8" ind2=" ">
    <subfield code="a">Contiene: Reyes y batallas: el retorno de la historia narrativa y pol&#xED;tica / Guillermo Gort&#xE1;zar . El contemporaneismo espa&#xF1;ol en la segunda mitad del siglo XX: entre la ciencia y la pol&#xED;tica / Antonio Manuel Moral Roncal . La dorada p&#xE1;tina de la historiograf&#xED;a marxista / Jos&#xE9; Manuel Cuenca Toribio . De la parcialidad de los historiadores espa&#xF1;oles / Alfonso Bull&#xF3;n de Mendoza . Los guardianes de la historia, presencia, persistencia y retorno / Pedro Carlos Gonz&#xE1;lez Cuevas</subfield>
  </datafield>
  <datafield tag="650" ind1=" " ind2="4">
    <subfield code="a">Historiograf&#xED;a-</subfield>
    <subfield code="z">Espa&#xF1;a.</subfield>
    <subfield code="9">13440</subfield>
  </datafield>
  <datafield tag="700" ind1="1" ind2=" ">
    <subfield code="a">Gort&#xE1;zar, Guillermo,</subfield>
    <subfield code="d">1951-</subfield>
    <subfield code="9">176485</subfield>
  </datafield>
  <datafield tag="700" ind1="1" ind2=" ">
    <subfield code="a">Moral Roncal, Antonio Manuel.</subfield>
    <subfield code="9">82948</subfield>
  </datafield>
  <datafield tag="700" ind1="1" ind2=" ">
    <subfield code="a">Cuenca Toribio, Jos&#xE9; Manuel,</subfield>
    <subfield code="d">1939-</subfield>
    <subfield code="9">42007</subfield>
  </datafield>
  <datafield tag="700" ind1="1" ind2=" ">
    <subfield code="a">Bull&#xF3;n de Mendoza, Alfonso.</subfield>
    <subfield code="9">32517</subfield>
  </datafield>
  <datafield tag="700" ind1="1" ind2=" ">
    <subfield code="a">Gonz&#xE1;lez Cuevas, Pedro Carlos.</subfield>
    <subfield code="9">58524</subfield>
  </datafield>
  <datafield tag="830" ind1="1" ind2=" ">
    <subfield code="a">La antorcha</subfield>
    <subfield code="9">176487</subfield>
  </datafield>
  <datafield tag="852" ind1="4" ind2=" ">
    <subfield code="a">ES-MaACL</subfield>
    <subfield code="j">A-14851</subfield>
    <subfield code="z"> Dedicatoria aut&#xF3;grafa del autor  </subfield>
    <subfield code="9"> 197768</subfield>
    <subfield code="b">R.152452</subfield>
    <subfield code="c">DEPO1</subfield>
    <subfield code="d">Olim: N-7851        </subfield>
    <subfield code="h">Donaci&#xF3;n: Guillermo Gort&#xE1;zar</subfield>
  </datafield>
  <datafield tag="903" ind1=" " ind2=" ">
    <subfield code="a">Gort&#xE1;zar, Guillermo,</subfield>
    <subfield code="d">1951-</subfield>
    <subfield code="e">dnr</subfield>
    <subfield code="9">176485</subfield>
  </datafield>
  <datafield tag="942" ind1=" " ind2=" ">
    <subfield code="2">udc</subfield>
    <subfield code="c">MONOGRAFIA</subfield>
  </datafield>
  <datafield tag="999" ind1=" " ind2=" ">
    <subfield code="c">190590</subfield>
    <subfield code="d">190590</subfield>
  </datafield>
  <datafield tag="952" ind1=" " ind2=" ">
    <subfield code="0">0</subfield>
    <subfield code="1">0</subfield>
    <subfield code="2">udc</subfield>
    <subfield code="4">0</subfield>
    <subfield code="7">0</subfield>
    <subfield code="8">Librosdedicados</subfield>
    <subfield code="a">ATENEOM</subfield>
    <subfield code="b">ATENEOM</subfield>
    <subfield code="c">DEPO1</subfield>
    <subfield code="d">2022-01-07</subfield>
    <subfield code="e">DONACION</subfield>
    <subfield code="l">0</subfield>
    <subfield code="o">A-14851</subfield>
    <subfield code="p">1202805</subfield>
    <subfield code="r">2023-02-23 00:00:00</subfield>
    <subfield code="w">2023-02-23</subfield>
    <subfield code="y">MONOGRAFIA</subfield>
    <subfield code="z">Dedicatoria aut&#xF3;grafa del autor</subfield>
  </datafield>
</record>
